Environmental insider.

Bibliographic Details
New Title:EI compliance report
EI news
Format: Journal
Language:English
Published: Cypress, Tex. : Duggan Flanakin, [1995?]-
Subjects:

MARC

Tag First Indicator Second Indicator Subfields
LEADER 00000cas a2200000 a 4500
001 in00001320121
005 20151005090544.0
008 961212d199u1997txuer p 0 0eng d
035 |a (OCoLC)36076018 
035 |9 AHE0735AM 
040 |a TXN  |c TXN  |d TXA  |d UtOrBLW 
043 |a n-us-tx 
049 |a TXAE 
090 |a KFT1643.A6  |b .E58 
245 0 0 |a Environmental insider. 
264 1 |a Cypress, Tex. :  |b Duggan Flanakin,  |c [1995?]- 
264 4 |c ©1997 
300 |a v ;  |c 28 cm. 
310 |a 24 issues a year. 
336 |a text  |b txt  |2 rdacontent 
337 |a unmediated  |b n  |2 rdamedia 
338 |a volume  |b nc  |2 rdacarrier 
362 0 |a -v. 21, no. 22 (Nov. 28, 1997). 
500 |a Description based on Volume 2, number 20 (Oct. 20, 1996); title from caption. 
500 |a At head of title: Essential information for Environmental Managers. 
515 |a Volume numbering jumps from v. 2 (Dec. 26, 1996) to v. 21 (Jan. 14, 1997) to coincide with the volume numbering for Texas natural resources reporter. 
525 |a Includes monthly supplements. 
580 |a "Incorporating Texas natural resources reporter," which is issued as a sister publication. 
580 |a Split into: EI compliance report, and: EI news. 
650 0 |a Adaptation (Biology)  |x Law and legislation  |z Texas  |x Periodicals. 
650 0 |a Nature and nurture. 
785 1 1 |t EI compliance report  |w (OCoLC)38179134 
785 1 1 |t EI news  |w (OCoLC)38179278 
787 1 |a Texas natural resources reporter  |x 0197-2340  |w (OCoLC)05307263 
999 |a MARS 
999 f f |s 8a120284-1c98-3663-ab40-cf548018e950  |i dc9bcc25-e6cd-3732-9ca1-ee9de9130bcb  |t 0 
952 f f |p ric  |a Texas A&M University  |b Rellis Campus  |c Joint Library Facility  |d Remote Storage  |t 0  |e KFT1643.A6 .E58  |h Library of Congress classification  |i unmediated -- volume  |k v.21:no.1-22  |l 1997  |m A14819761791 
952 f f |p ric  |a Texas A&M University  |b Rellis Campus  |c Joint Library Facility  |d Remote Storage  |t 0  |e KFT1643.A6 .E58  |h Library of Congress classification  |i unmediated -- volume  |k v.2:no.19-24  |l 1996  |m A14819761741 
998 f f |a KFT1643.A6 .E58  |s v.21:no.1 (1997:Jan.14)-v.21:no.22 (1997:Nov.28)  |t 0  |l Remote Storage